Reinforced concrete design: Limit state method and beyond / Santanu Bhanja. (Record no. 22251)

000 -LEADER
fixed length control field 00841nam a22001577a 4500
020 ## - INTERNATIONAL STANDARD BOOK NUMBER
ISBN 9781032541457
082 ## - DEWEY DECIMAL CLASSIFICATION NUMBER
Classification number 624.18341
Item number B5752 2024
100 ## - MAIN ENTRY--AUTHOR NAME
Personal name Bhanja, Santanu, author.
245 ## - TITLE STATEMENT
Title Reinforced concrete design: Limit state method and beyond / Santanu Bhanja.
260 ## - PUBLICATION, DISTRIBUTION, ETC. (IMPRINT)
Place of publication Boca Raton, FL :
Name of publisher CRC Press,
Year of publication 2024.
300 ## - PHYSICAL DESCRIPTION
Number of Pages xiii,391 pages :
Other physical details illustrations.
500 ## - GENERAL NOTE
General note Includes index
520 ## - SUMMARY, ETC.
Summary, etc This book covers the fundamental concepts and principles of reinforced concrete (RC) design, primarily focusing on the limit state method. It explains RC design provisions in line with Indian (IS:456, IRC:112) and international standards (Eurocode 2), covering strength, serviceability, ductility, and the design of specific elements like shear walls and foundations.
650 ## - SUBJECT ADDED ENTRY--TOPICAL TERM
Topical Term Reinforced concrete design.
942 ## - ADDED ENTRY ELEMENTS (KOHA)
Koha item type Electronic Books
Holdings
Source of acquisition Permanent Location Date acquired Collection code Koha item type Lost status Current Location Withdrawn status Full call number
DonationCagayan State University - Carig Library2026-04-16E-BooksElectronic Books Cagayan State University - Carig Library 624.1834 2024

Cagayan State University University Library, Carig Campus
Tuguegarao City, Cagayan 3500 | www.csucarig.edu.ph

Powered by Koha